000 00495cam a2200205ua 4500
001 12053
008 200212n ii |||gr||||Z||||||asm
020 _a9788194118831
040 _cMAIN
041 _aasm
082 _a410
100 _aMamoni Borah,
_eAuthor.
245 _aBhashavijnan parichay
_cBy Mamoni Borah
250 _a1st ed.
260 _aGuwahati:
_bJS publications,
_c2019.
300 _a168p.
653 _aLinguistics
700 _aRanjit Hazarika,
_eAuthor.
942 _cBK
999 _c10836
_d10836